000
00292nam a2200109Ia 4500
005
20251223000719.0
008
251222s9999||||xx |||||||||||||| ||spa||
082
_a
332.6/B22
245
0
_a
Manual para la Formulación y Evaluación de Proyectos de Inversión
250
_a
1ra.ed.
942
_c
LIB
999
_c
41595
_d
41595